Top 16 Most Hated Countries in 2024 - Statistics

General Stats
  • This quiz has been taken 696 times
  • The average score is 13 of 16
Answers on the Map
Answers color-coded by a green-red scale on the quiz's map according to % correct below.
 
Answer Stats
Answer % Correct
United States
99%
Russia
98%
China
96%
United Kingdom
93%
India
92%
Israel
90%
Iran
88%
North Korea
85%
Iraq
82%
Pakistan
79%
Germany
78%
Saudi Arabia
75%
Türkiye
73%
Japan
72%
Syria
70%
Nigeria
32%
No matching quizzes found
Score Distribution
Percent of People with Each Score
Percentile by Number Answered
Your Score History
You have not taken this quiz